000 00214nam a22000857a 4500
008 161108b xxu||||| |||| 00| 0 eng d
100 _91086
_aMisra.M.
245 _aCCE Social Science-VIII
260 _aNew Delhi
_bAPC
_c2012
999 _c3746
_d3746